Manwha avec image - Statistiques

Statistiques générales
  • Ce quiz a été pris 24 fois
  • Le résultat moyen est 4 sur 8
Statistiques - réponses
Par images Réponse % Correct
Sung Jinwoo
83%
Kim Dokja
78%
Arthur Leywin
72%
Klein Moretti
39%
Yoo Joonghyuk
33%
Lloyd Frontera
22%
Cale Henituse
17%
Chung Myung
11%
Aucun quiz correspondant
Distribution des résultats
% des personnes avec chaque résultat
Percentile par nombre de réponses
Votre historique - résultats
Vous n’avez pas pris ce quiz